Higher or Lower - Quizmakers - Statistics

General Stats
  • This quiz has been taken 53 times
  • The average score is 9 of 15
Answer Stats
Hint Answer % Correct
ThatOnePunk (377,906) or RoxyTheQuizzer Higher
67%
Stewart (22,075,884) or Jato Lower
67%
Pinoccio (471,831) or Vicky Higher
65%
Macaco (568,790) or baptistegorce Higher
63%
Dekkie (838,824) or Stewart Higher
63%
HinesBrothers (1,955,528) or Macaco Lower
63%
Jeremy (585,112) or Dekkie Higher
60%
dug28 (594,215) or Pinoccio Lower
60%
baptistegorce (1,374,329) or Jeremy Lower
60%
Vicky (3,130,734) or buck1017 Lower
58%
buck1017 (992,205) or Nilles Lower
58%
Devvik2 (382,912) or joez Higher
53%
joez (1,211,215) or HinesBrothers Higher
53%
Nilles (501,112) or Devvik2 Lower
44%
RoxyTheQuizzer (423,082) or dug28 Higher
42%
No matching quizzes found
Score Distribution
Percent of People with Each Score
Percentile by Number Answered
Your Score History
You have not taken this quiz